LEADER 01917nam 2200505I 450 001 9910707380103321 005 20161123092048.0 035 $a(CKB)5470000002463714 035 $a(OCoLC)953452502 035 $a(EXLCZ)995470000002463714 100 $a20160712j199609 ua 0 101 0 $aeng 135 $aurbn||||||||| 181 $ctxt$2rdacontent 182 $cc$2rdamedia 183 $acr$2rdacarrier 200 10$aTesting and performance analysis of the multichannel error correction code decoder /$fNitin J. Soni 210 1$aCleveland, Ohio :$cNational Aeronautics and Space Administration, Lewis Research Center,$dSeptember 1996. 215 $a1 online resource (12 pages) $cillustrations 225 1 $aNASA technical memorandum ;$v107251 300 $aTitle from title screen (viewed July 11, 2016). 300 $a"September 1996." 300 $a"Performing organization: National Aeronautics and Space Administration, Lewis Research Center"--Report documentation page. 320 $aIncludes bibliographical references (pages 4-5). 606 $aError correcting codes$2nasat 606 $aDecoders$2nasat 606 $aFrequency division multiple access$2nasat 606 $aUplinking$2nasat 606 $aSatellite communication$2nasat 606 $aOnboard data processing$2nasat 615 7$aError correcting codes. 615 7$aDecoders. 615 7$aFrequency division multiple access. 615 7$aUplinking. 615 7$aSatellite communication. 615 7$aOnboard data processing. 700 $aSoni$b Nitin J.$01422421 712 02$aLewis Research Center, 712 02$aUnited States.$bNational Aeronautics and Space Administration, 801 0$bGPO 801 1$bGPO 906 $aBOOK 912 $a9910707380103321 996 $aTesting and performance analysis of the multichannel error correction code decoder$93546773 997 $aUNINA